000 00316nam a2200121Ia 4500
008 190216s9999||||xx |||||||||||||| ||und||
100 _a"Bojtech Fried,Hendrik F Hameka &uldis Blukis"
245 0 _aPhysical Chemistry
260 _bMacmillan
_c1977
300 _a983p
650 _aChemistry-Chemistry
942 _cBK
999 _c2285
_d2285